000 00626nam a2200181 i 4500
001 56214
003 ES-MaACL
005 20230906163317.0
007 t|
008 031006s1957 sp ||||1| spa d
100 1 _aDíaz Serrano, Joaquín.
_944430
245 1 0 _aNoche azul de Andalucía
_b: cantares /
_cJoaquín Díaz Serrano ; prólogo de Felipe Sassone ; ilustraciones de Luis Ramos Rosa.
260 _a[S.l. :
_bs.n.,
_c1957] (
_eMálaga :
_fGráfs. Ricardo Sánchez)
300 _a160 p. ;
_c20 cm.
700 1 _aSassone, Felipe.
_9103913
700 1 _aRamos Rosa, Luis.
_995353
852 _aES-MaACL
_jC-14047
_bR.41670
999 _c56214
_d56214